| 000 | 00744nam a2200241Ia 4500 | ||
|---|---|---|---|
| 003 | GCL | ||
| 008 | 140319s9999 xx 000 0 ara d | ||
| 040 |
_aGCL / _cGCL |
||
| 082 | 0 | 4 |
_a811.67 _bف ا |
| 100 | 1 | _aفوزى سعد عيسى | |
| 245 | 1 | 0 |
_aابن مرج الكحل : حياتة وشعرة / _cفوزى سعد عيسى |
| 260 |
_a[S.N] : _bمنشاة المعارف الاسلامية ، _c1989 |
||
| 300 | _a76 ص | ||
| 490 |
_aسلسلة دراسات ادبية _v0 |
||
| 650 | 0 | 4 | _aالشعر العربى |
| 650 | 0 | 4 | _aالاندلس |
| 650 | 0 | 4 | _aدواوين وقصائد |
| 650 | 0 | 4 | _aالادباء |
| 650 | 0 | 4 | _aالشعراء |
| 650 | 0 | 4 | _aتاريخ ونقد |
| 650 | 0 | 4 | _aالمجموعات |
| 942 |
_2ddc _cBK |
||
| 999 |
_c32530 _d32530 |
||